| 000 | 01869nam a2200517 i 4500 | ||
|---|---|---|---|
| 001 | 1000 | ||
| 003 | KOSZ 005 | ||
| 005 | 20200903112252.0 | ||
| 008 | 200902s1981 pl a f 000 0 pol | ||
| 015 | _aUWD 1982/4587 | ||
| 035 | _a991012055039705066 | ||
| 035 | _a(PL-WaBN)b13268089-48omnis_nlop | ||
| 035 | _ab13268089 | ||
| 035 | _a(OCoLC)830308174 | ||
| 035 | _a(PL)b0000001326808 | ||
| 035 | _a(EXLNZ-48OMNIS_NETWORK)9910110647605606 | ||
| 040 |
_aWA N _cWA N _dKOSZ 005/RW |
||
| 046 | _k1981 | ||
| 080 | _a621.7 | ||
| 080 | _a620.1 | ||
| 080 | _a(075.8+076) | ||
| 100 | 1 |
_aKulik, Jerzy _eAutor |
|
| 245 | 1 | 0 |
_aBadanie własności technologicznych metali : _b(ćwiczenia laboratoryjne) / _cJerzy Kulik, Hanna Olszak. |
| 260 |
_aKoszalin : _bWydawnictwo Uczelniane Wyższej Szkoły Inżynierskiej, _c1981. |
||
| 300 |
_a191, [2] stron : _bilustracje, tablice, wykresy ; _c24 cm. |
||
| 336 |
_aTekst _btxt _2rdacontent |
||
| 337 |
_aBez urządzenia pośredniczącego _bn _2rdamedia |
||
| 338 |
_aWolumin _bnc _2rdacarrier |
||
| 380 | _aKsiążki | ||
| 380 | _aPublikacje dydaktyczne | ||
| 388 | 1 | _a1901-2000 | |
| 388 | 1 | _a1945-1989 | |
| 490 | 1 | _aSkrypty / Wyższa Szkoła Inżynierska w Koszalinie | |
| 504 | _aBibliografia na stronie 154. | ||
| 650 | 7 |
_aMetale _2DBN |
|
| 650 | 7 | _aTechnologia | |
| 650 | 7 | _aObróbka plastyczna | |
| 655 | 7 |
_aĆwiczenia laboratoryjne dla szkół wyższych _2DBN |
|
| 658 | _aInżynieria i technika | ||
| 700 | 1 |
_aOlszak, Hanna _eAutor |
|
| 710 | 2 |
_aWydawnictwo Uczelniane (Wyższa Szkoła Inżynierska ; Koszalin) _4pbl |
|
| 830 | 0 | _aSkrypty - Wyższa Szkoła Inżynierska w Koszalinie | |
| 856 |
_uhttp://koha.tu.koszalin.pl/cgi-bin/koha/opac-detail.pl?biblionumber=1000 _yKatalog online BPK |
||
| 942 |
_2UKD _cKS |
||
| 999 |
_c1000 _d1000 |
||